00720nam a2200241Ia 450000500170000000800410001702000150005804100080007308200170008110000310009824500400012925000220016930000180019149000300020965000340023965000290027365000210030226400320032333600270035533700330038233800280041504000350044320220316235613.0121119s2003 ck gr 000 0 spa  a95860058010 aspa04a731.42bA48H1 aÁlvarez, Edgar Humberto 10aHistoria cEdgar Humberto Álvarez aPrimera edición a64 páginas 0 aLa magia de la plastilina14aModelado xEnseñanza 2LEMB14aTrabajos manuales 2LEMB14aPlastilina2LEMB aBogotábMcGraw-Hillc2003 atextobtxt2rdacontent asin mediaciónbn2rdamedia avolumenbnc2rdacarrier aCO-BoRNBPbspaerdacCO-BoRNBP